| 000 | 00858nam a22002775i 4500 | ||
|---|---|---|---|
| 001 | 16642 | ||
| 003 | ES-MaACL | ||
| 005 | 20260203063026.0 | ||
| 007 | t| | ||
| 008 | 001020s1995 sp ||||0| spa j | ||
| 020 | _a84-7517-346-2 | ||
| 040 |
_aM-BN _bspa _cM-BN |
||
| 080 | _a820(417)-14"19" | ||
| 100 | 1 |
_aHeaney, Seamus, _d1939-2013 _9166173 |
|
| 245 | 1 | 0 |
_aNorte / _cSeamus Heaney ; traducción, prólogo y notas de Margarita Ardanaz. |
| 250 | _a2ª ed. | ||
| 260 |
_aMadrid : _bHiperión, _c1995. |
||
| 300 |
_a152 p. : _b1 retr. ; _c20 cm. |
||
| 490 | 1 |
_aPoesía Hiperión ; _v205 |
|
| 500 | _aTexto en inglés y traducción española. | ||
| 700 | 1 |
_aArdanaz, Margarita. _922523 |
|
| 830 | 0 |
_aPoesía Hiperión ; _v205 _9177326 |
|
| 852 |
_aES-MaACL _jL-23698 _bR.128879 |
||
| 999 |
_c16642 _d16642 |
||